[Event "Sparkassen-Open A"]
[Site "Heusenstamm, Martinsee"]
[Date "2018.11.22"]
[Round "1.105"]
[White "Trumpp, Lothar"]
[Black "RÃ¼ll, Michael"]
[Result "1-0"]
[WhiteElo "2004"]
[BlackElo "1723"]
[PlyCount "35"]
[EventDate "2018.??.??"]
[WhiteTeam "VSG Offenbach"]
[BlackTeam "SC Obertshausen"]

1. e4 c5 2. d3 Nc6 3. Nf3 g6 4. g3 Nf6 5. Bg2 d5 6. Nbd2 Bg7 7. O-O O-O 8. c3
Nh5 9. Re1 d4 10. c4 e5 11. Nf1 f5 12. exf5 Bxf5 13. Ng5 Nb4 14. Ne4 Qd7 15.
Nxc5 Qf7 16. a3 Bg4 17. f3 b6 18. axb4 1-0

[Event "Sparkassen-Open A"]
[Site "Heusenstamm, Martinsee"]
[Date "2018.11.22"]
[Round "1.106"]
[White "Stork, Christopher"]
[Black "Schultze, JÃ¶rg-Martin"]
[Result "0-1"]
[WhiteElo "1721"]
[BlackElo "2027"]
[PlyCount "36"]
[EventDate "2018.??.??"]
[WhiteTeam "SV Oberursel"]
[BlackTeam "SF Anderssen Wetzlar"]

1. e4 c6 2. d4 d5 3. e5 c5 4. c3 Nc6 5. Nf3 Bg4 6. Nbd2 cxd4 7. cxd4 e6 8. Be2
Bb4 9. O-O Nge7 10. Qb3 O-O 11. a3 Bxd2 12. Bxd2 Bxf3 13. Bxf3 Nxd4 14. Qxb7
Nxf3+ 15. gxf3 Ng6 16. f4 Qh4 17. Qb4 Qg4+ 18. Kh1 Qf3+ 0-1

[Event "Sparkassen-Open A"]
[Site "Heusenstamm, Martinsee"]
[Date "2018.11.22"]
[Round "1.107"]
[White "Syed, Tareq"]
[Black "Marzec, Witold"]
[Result "1/2-1/2"]
[WhiteElo "2025"]
[BlackElo "1715"]
[PlyCount "81"]
[EventDate "2018.??.??"]
[WhiteTeam "SC Brett vorm Kopp"]
[BlackTeam "vereinslos"]

1. d3 e5 2. g3 Nf6 3. Bg2 d5 4. Nd2 c6 5. e3 Qc7 6. b3 Be7 7. Bb2 Bf5 8. Ne2
Nbd7 9. a3 c5 10. h3 Be6 11. c4 O-O 12. O-O Rad8 13. g4 h6 14. f4 exf4 15. exf4
Nb6 16. Be5 Qc8 17. f5 Bd7 18. Ng3 Bc6 19. Qe2 dxc4 20. dxc4 Bxg2 21. Qxg2 Rd3
22. Rab1 Rfd8 23. Nf3 Qc6 24. Qe2 Nc8 25. Bf4 Qb6 26. Qc2 Nh7 27. Ne5 R3d4 28.
Be3 Qd6 29. Bxd4 Qxd4+ 30. Qf2 Qxe5 31. Rbd1 Rxd1 32. Rxd1 Bh4 33. Rd3 Nd6 34.
Qg2 Bxg3 35. Qxg3 Qxg3+ 36. Rxg3 Ng5 37. Re3 Kf8 38. h4 Nge4 39. Kg2 Nf6 40.
Kf3 b6 41. Kf4 1/2-1/2

[Event "Sparkassen-Open A"]
[Site "Heusenstamm, Martinsee"]
[Date "2018.11.22"]
[Round "1.108"]
[White "Kuckel, Michael"]
[Black "Hoffmann, Matthias"]
[Result "0-1"]
[WhiteElo "1638"]
[BlackElo "2024"]
[PlyCount "48"]
[EventDate "2018.??.??"]
[WhiteTeam "SC Matt im Park"]
[BlackTeam "SV Wiehl"]

1. d4 e6 2. Nf3 f5 3. g3 Nf6 4. Bg2 Be7 5. c4 Ne4 6. O-O O-O 7. Nbd2 Nxd2 8.
Bxd2 d6 9. Rc1 Nc6 10. b4 Bf6 11. Bc3 Ne7 12. Qb3 Qe8 13. Rfd1 Bd7 14. Rd2 Rb8
15. e3 g5 16. d5 e5 17. c5 Qf7 18. Ne1 Ng6 19. h3 f4 20. exf4 gxf4 21. Bb2 fxg3
22. fxg3 Bg5 23. Rd3 Qf2+ 24. Kh1 Bxc1 0-1

[Event "Sparkassen-Open A"]
[Site "Heusenstamm, Martinsee"]
[Date "2018.11.22"]
[Round "1.109"]
[White "Pauls, Wilhelm"]
[Black "HÃ¤nselmann, Hendrik"]
[Result "1-0"]
[WhiteElo "2024"]
[BlackElo "1705"]
[PlyCount "87"]
[EventDate "2018.??.??"]
[WhiteTeam "SG Kaarst"]
[BlackTeam "Karlsruher SF"]

1. e4 c6 2. d4 d5 3. exd5 cxd5 4. c4 Nf6 5. Nc3 e6 6. Nf3 Be7 7. Bg5 O-O 8. Rc1
Nbd7 9. c5 Ne4 10. Bxe7 Qxe7 11. Be2 Ndf6 12. O-O Bd7 13. b4 Nxc3 14. Rxc3 Ne4
15. Rc1 a6 16. Bd3 Bb5 17. Re1 Bxd3 18. Qxd3 Rfc8 19. Ne5 a5 20. b5 f6 21. Ng4
Qd7 22. f3 Ng5 23. a4 Nf7 24. Qe3 Re8 25. Qf4 Kh8 26. Rc3 Rac8 27. Nxf6 gxf6
28. Qxf6+ Kg8 29. f4 Qd8 30. Rg3+ Kf8 31. Qg7+ Ke7 32. f5 Kd7 33. Qxf7+ Qe7 34.
fxe6+ Kd8 35. Qf5 Rc7 36. Qxd5+ Rd7 37. Qxd7+ Qxd7 38. exd7 Rxe1+ 39. Kf2 Ra1
40. c6 Ra2+ 41. Ke1 bxc6 42. bxc6 Ra1+ 43. Kd2 Ra2+ 44. Kc1 1-0

[Event "Sparkassen-Open A"]
[Site "Heusenstamm, Martinsee"]
[Date "2018.11.22"]
[Round "1.110"]
[White "Niedenthal, Robert"]
[Black "Hehn, Hartmut"]
[Result "0-1"]
[WhiteElo "1700"]
[BlackElo "2016"]
[PlyCount "82"]
[EventDate "2018.??.??"]
[WhiteTeam "SV Hofheim"]
[BlackTeam "SV Ebersbach"]

1. c4 f5 2. d3 Nf6 3. g3 e5 4. Bg2 Bc5 5. e3 O-O 6. Ne2 Nc6 7. O-O Be7 8. Nbc3
d6 9. a3 a5 10. b3 Kh8 11. Bb2 Qe8 12. Nd5 Nxd5 13. cxd5 Nb8 14. Rc1 Bd8 15. f4
Nd7 16. e4 exf4 17. Nxf4 Ne5 18. h3 fxe4 19. dxe4 Bd7 20. Rc2 Kg8 21. a4 b5 22.
Rcf2 bxa4 23. bxa4 Bxa4 24. Qd4 Bd7 25. Kh2 Bf6 26. Qd1 Nc4 27. Bd4 Bxd4 28.
Qxd4 Ne5 29. g4 a4 30. Nh5 Rxf2 31. Rxf2 Bxg4 32. Nxg7 Kxg7 33. hxg4 Qd7 34.
Bh3 Rf8 35. Rf5 Rxf5 36. gxf5 Kf6 37. Qf2 Qg7 38. Qd4 a3 39. Qc3 a2 40. Bg2 Qg4
41. Qb2 Qh4+ 0-1

[Event "Sparkassen-Open A"]
[Site "Heusenstamm, Martinsee"]
[Date "2018.11.22"]
[Round "1.111"]
[White "Pfeffer, Marko"]
[Black "Heun, Andreas"]
[Result "1-0"]
[WhiteElo "2016"]
[BlackElo "1687"]
[PlyCount "45"]
[EventDate "2018.??.??"]
[WhiteTeam "SC Bergen-Enkheim"]
[BlackTeam "SC Ladja RoÃŸdorf"]

1. Nc3 Nf6 2. e4 e5 3. Nf3 Nc6 4. d4 exd4 5. Nxd4 Nxd4 6. Qxd4 d6 7. Bf4 Be7 8.
O-O-O Nh5 9. Be3 O-O 10. e5 c5 11. Qe4 g6 12. g4 Ng7 13. Bxc5 Qa5 14. Bb4 Qb6
15. Nd5 Qd8 16. Nxe7+ Qxe7 17. Bxd6 Qh4 18. Bxf8 Be6 19. Bxg7 Kxg7 20. Qf4 Kg8
21. Bc4 Bf5 22. Rd4 Be6 23. Rhd1 1-0

[Event "Sparkassen-Open A"]
[Site "Heusenstamm, Martinsee"]
[Date "2018.11.22"]
[Round "1.112"]
[White "Emig, Nils"]
[Black "SchÃ¤fer, Heiko"]
[Result "1-0"]
[WhiteElo "1686"]
[BlackElo "2014"]
[PlyCount "103"]
[EventDate "2018.??.??"]
[WhiteTeam "SK Marburg"]
[BlackTeam "Potsdamer SV"]

1. e4 e6 2. d4 d5 3. exd5 exd5 4. Bd3 c5 5. dxc5 Bxc5 6. Nf3 Nf6 7. O-O O-O 8.
Bg5 Bg4 9. Nbd2 Nc6 10. c3 Ne5 11. Be2 Ng6 12. h3 Be6 13. Nb3 Bb6 14. Nbd4 h6
15. Be3 Ne4 16. Bd3 Bd7 17. Qb3 Nc5 18. Qc2 Nxd3 19. Qxd3 Re8 20. Rfe1 Qf6 21.
Bd2 Nf4 22. Bxf4 Qxf4 23. Qd2 Qf6 24. Rxe8+ Rxe8 25. Re1 Re4 26. Nc2 Qe6 27.
Nb4 Bc6 28. a3 a5 29. Nd3 Qf5 30. Nde5 Rxe1+ 31. Qxe1 Qc2 32. Nxc6 bxc6 33. b4
Kf8 34. Ne5 Qf5 35. Nxc6 axb4 36. axb4 Qe6 37. Qxe6 fxe6 38. Kf1 Ke8 39. Ke2
Kd7 40. Ne5+ Kd6 41. f4 Bg1 42. Kf3 Bh2 43. g3 Bg1 44. g4 Bh2 45. h4 Bg1 46. g5
hxg5 47. hxg5 d4 48. c4 Be3 49. Ke4 Bd2 50. c5+ Ke7 51. b5 Be3 52. Nf3 1-0

[Event "Sparkassen-Open A"]
[Site "Heusenstamm, Martinsee"]
[Date "2018.11.22"]
[Round "1.113"]
[White "Scharrer, Udo"]
[Black "Schlemminger, Degenhard"]
[Result "1-0"]
[WhiteElo "2014"]
[BlackElo "1673"]
[PlyCount "75"]
[EventDate "2018.??.??"]
[WhiteTeam "SV Dicker Turm Esslingen"]
[BlackTeam "SV Reutlingen"]

1. d4 d5 2. c4 Nf6 3. cxd5 Nxd5 4. Nf3 e6 5. e4 Bb4+ 6. Nbd2 Nb6 7. a3 Bd6 8.
Bd3 N8d7 9. O-O e5 10. dxe5 Nxe5 11. Nxe5 Bxe5 12. Nf3 Bg4 13. Bb5+ Bd7 14.
Nxe5 Bxb5 15. Qb3 Qe7 16. Qxb5+ c6 17. Qa5 O-O 18. Re1 f6 19. Nf3 Nc4 20. Qc3
Ne5 21. Nxe5 Qxe5 22. Qxe5 fxe5 23. Be3 b6 24. Red1 h6 25. Rd6 c5 26. Rad1 Rae8
27. f3 Kf7 28. R1d5 Re7 29. Bd2 Rfe8 30. Bc3 g6 31. a4 h5 32. a5 bxa5 33. Rxc5
a4 34. Ra5 Re6 35. Rxa7+ Kf6 36. Rxe6+ Rxe6 37. Rxa4 Rd6 38. Kf2 1-0

[Event "Sparkassen-Open A"]
[Site "Heusenstamm, Martinsee"]
[Date "2018.11.22"]
[Round "1.114"]
[White "Lehmann, Nils"]
[Black "Yankelevich, Michael"]
[Result "0-1"]
[WhiteElo "1665"]
[BlackElo "1978"]
[PlyCount "46"]
[EventDate "2018.??.??"]
[WhiteTeam "SV Lahn Limburg"]
[BlackTeam "SG Trier"]

1. e4 c5 2. Nf3 e6 3. d4 cxd4 4. Nxd4 Bc5 5. Nb3 Bb6 6. Nc3 Ne7 7. Bd3 O-O 8.
O-O Nbc6 9. Kh1 f5 10. f3 Qe8 11. Qe1 f4 12. Na4 Bc7 13. Bd2 Qh5 14. Bc3 b5 15.
Nac5 d6 16. Bxb5 dxc5 17. Qf2 Bb6 18. e5 c4 19. Nd4 Nxe5 20. Qe2 Nf5 21. Nxf5
Rxf5 22. Rfe1 Qxh2+ 23. Kxh2 Rh5# 0-1

[Event "Sparkassen-Open A"]
[Site "Heusenstamm, Martinsee"]
[Date "2018.11.22"]
[Round "1.115"]
[White "Begri, Felix"]
[Black "Pohle, Saskia"]
[Result "1/2-1/2"]
[WhiteElo "2008"]
[BlackElo "1656"]
[PlyCount "123"]
[EventDate "2018.??.??"]
[WhiteTeam "SV Hofheim"]
[BlackTeam "Muldental Wilkau-HaÃŸlau"]

1. d4 Nf6 2. c4 g6 3. Nc3 d5 4. Nf3 Bg7 5. Qb3 c6 6. cxd5 cxd5 7. Bg5 e6 8. e3
O-O 9. Be2 Nc6 10. O-O Na5 11. Qc2 Bd7 12. Ne5 Rc8 13. Rfc1 Rc7 14. Qd2 a6 15.
Nxd7 Qxd7 16. b3 Nc6 17. Bf4 Rcc8 18. Na4 Ne4 19. Qe1 Qe7 20. Nb6 Rcd8 21. f3
Nd6 22. Bg3 Nc8 23. Na4 Nxd4 24. exd4 Bxd4+ 25. Kh1 Bxa1 26. Rxa1 b5 27. Nc3
Nd6 28. Bd3 Nb7 29. Rd1 Nc5 30. Bb1 Rfe8 31. Bf2 Qc7 32. Rd4 Qc6 33. Rh4 e5 34.
Qd2 Ne6 35. Ne2 d4 36. Be4 Qc7 37. Ng3 Nf4 38. Nf1 Qc3 39. Qd1 d3 40. g3 Ne2
41. Be3 f5 42. Bd2 Qd4 43. Be3 Qc3 44. Bd2 Qb2 45. Bxd3 Nxg3+ 46. hxg3 Rxd3 47.
Qe2 Red8 48. Rh2 Qxa2 49. Qxe5 Qxb3 50. Ba5 Qd5 51. Qe7 Rd7 52. Qe8+ Kg7 53.
Bb4 Rf7 54. Bd2 h5 55. Bf4 Rxf3 56. Be5+ Kh6 57. Qh8+ Kg5 58. Rxh5+ gxh5 59.
Qg8+ Kh6 60. Qh8+ Kg6 61. Qg8+ Kh6 62. Qh8+ 1/2-1/2

[Event "Sparkassen-Open A"]
[Site "Heusenstamm, Martinsee"]
[Date "2018.11.22"]
[Round "1.116"]
[White "Pade, Joachim"]
[Black "Ã–zdemir, Ali Ã–zden"]
[Result "0-1"]
[WhiteElo "1630"]
[BlackElo "1972"]
[PlyCount "74"]
[EventDate "2018.??.??"]
[WhiteTeam "SV Alsfeld"]
[BlackTeam "SK Langen"]

1. e4 c5 2. a3 d6 3. b4 Nf6 4. Nc3 Nbd7 5. g3 g6 6. Bg2 Bg7 7. Nge2 O-O 8. O-O
Rb8 9. d3 b5 10. Be3 a5 11. bxc5 dxc5 12. h3 Ne8 13. Rb1 Ba6 14. f4 b4 15. axb4
cxb4 16. Na4 Rc8 17. Qd2 Bb5 18. Nb2 Qc7 19. Rfc1 Bc3 20. Qd1 a4 21. Qf1 a3 22.
Nd1 a2 23. Ndxc3 axb1=Q 24. Rxb1 Bxd3 25. Nd5 Bxe2 26. Nxe7+ Kg7 27. Qxe2 Qxc2
28. Qe1 Ra8 29. Rxb4 Ra2 30. Qf1 Nd6 31. g4 Rb8 32. Rxb8 Nxb8 33. Qf3 Nc6 34.
e5 Nc4 35. Bc5 N4xe5 36. Qd5 Qc1+ 37. Kh2 Qxf4+ 0-1

[Event "Sparkassen-Open A"]
[Site "Heusenstamm, Martinsee"]
[Date "2018.11.22"]
[Round "1.117"]
[White "Rosenberger, Frank"]
[Black "Stolle, Hendrik"]
[Result "1/2-1/2"]
[WhiteElo "2008"]
[BlackElo "1614"]
[PlyCount "64"]
[EventDate "2018.??.??"]
[WhiteTeam "SK Gernsheim"]
[BlackTeam "TG Biberach"]

1. e4 g6 2. d4 Bg7 3. Nc3 c6 4. Be3 d5 5. Nf3 Nf6 6. e5 Nfd7 7. Qd2 O-O 8. Bh6
f6 9. h4 fxe5 10. Bxg7 Kxg7 11. h5 Rh8 12. Ng5 Nf8 13. h6+ Kg8 14. dxe5 Bf5 15.
O-O-O Ne6 16. Nxe6 Bxe6 17. Ne4 Bf5 18. Ng5 Qf8 19. f3 Bd7 20. Rh4 Na6 21. Rf4
Qxh6 22. Nf7 Qg7 23. Nxh8 Kxh8 24. Qd4 Be6 25. Bxa6 bxa6 26. Rh1 g5 27. Rg4
Bxg4 28. fxg4 e6 29. Rf1 Rf8 30. Rf6 Rxf6 31. exf6 Qf7 32. b4 h6 1/2-1/2

[Event "Sparkassen-Open A"]
[Site "Heusenstamm, Martinsee"]
[Date "2018.11.22"]
[Round "1.118"]
[White "Renk, Jonas"]
[Black "Rettig, Helge"]
[Result "0-1"]
[WhiteElo "1607"]
[BlackElo "2007"]
[PlyCount "50"]
[EventDate "2018.??.??"]
[WhiteTeam "SK Langen"]
[BlackTeam "SF Verl"]

1. e4 c6 2. d4 d5 3. exd5 cxd5 4. Bd3 Nc6 5. c3 Qc7 6. Nf3 Bg4 7. Nbd2 e6 8.
O-O Bd6 9. h3 Bh5 10. Re1 Nge7 11. Nf1 O-O-O 12. Ne3 Rdg8 13. b4 Kb8 14. a4 g5
15. Be2 f5 16. a5 f4 17. Ng4 Bxg4 18. hxg4 h5 19. gxh5 g4 20. Ne5 Bxe5 21. dxe5
f3 22. Bf1 Rxh5 23. Bf4 Nf5 24. b5 Nxe5 25. Qc2 Qh7 0-1

[Event "Sparkassen-Open A"]
[Site "Heusenstamm, Martinsee"]
[Date "2018.11.22"]
[Round "1.119"]
[White "Waffenschmidt, Joachim"]
[Black "Werner, Rosalie"]
[Result "1-0"]
[WhiteElo "2007"]
[BlackElo "1584"]
[PlyCount "41"]
[EventDate "2018.??.??"]
[WhiteTeam "SC Brett vorm Kopp"]
[BlackTeam "VSG Offenbach"]

1. d4 d5 2. c4 e6 3. g3 Nf6 4. Nf3 c5 5. cxd5 Nxd5 6. Bg2 Nc6 7. O-O Be7 8. Nc3
Nf6 9. dxc5 Qxd1 10. Rxd1 Bxc5 11. Bg5 Bb6 12. Rac1 Ke7 13. Na4 Bc7 14. Nd4 Bd7
15. Nc5 h6 16. Bxf6+ gxf6 17. Nxc6+ Bxc6 18. Bxc6 Bd6 19. Nxb7 Be5 20. Rd7+ Kf8
21. Nd8 1-0

[Event "Sparkassen-Open A"]
[Site "Heusenstamm, Martinsee"]
[Date "2018.11.22"]
[Round "1.120"]
[White "Bobrowski, Damian"]
[Black "Rutsatz, Mario"]
[Result "0-1"]
[WhiteElo "1586"]
[BlackElo "2006"]
[PlyCount "76"]
[EventDate "2018.??.??"]
[WhiteTeam "Sandecja Nowy Sacz"]
[BlackTeam "SF Frankfurt"]

1. e4 e6 2. d4 d5 3. Nc3 Bb4 4. Nge2 dxe4 5. a3 Be7 6. Nxe4 Nd7 7. N2g3 Ngf6 8.
Be2 O-O 9. O-O c5 10. c4 cxd4 11. Qxd4 Nxe4 12. Qxe4 Nc5 13. Qf3 Bd7 14. b4 Bc6
15. Qe3 Bf6 16. Rb1 Bd4 17. Qg5 Ne4 18. Nxe4 Bxe4 19. Rb3 Qxg5 20. Bxg5 Bc2 21.
Rh3 f6 22. Bc1 Bf5 23. g4 Bg6 24. Bd3 Rfd8 25. Bxg6 hxg6 26. Kg2 Rac8 27. c5 b6
28. cxb6 Bxb6 29. Re1 Rc4 30. Rg3 Bc7 31. Rb3 Rxg4+ 32. Kh3 f5 33. f3 Rc4 34.
Bg5 Rc2 35. f4 Rdd2 36. Rxe6 Rxh2+ 37. Kg3 Rcg2+ 38. Kf3 Rxg5 0-1

[Event "Sparkassen-Open A"]
[Site "Heusenstamm, Martinsee"]
[Date "2018.11.22"]
[Round "1.121"]
[White "Stock, JÃ¼rgen"]
[Black "Worzelberger, Armin"]
[Result "1-0"]
[WhiteElo "1941"]
[BlackElo "1744"]
[PlyCount "83"]
[EventDate "2018.??.??"]
[WhiteTeam "Sfr. Kelkheim"]
[BlackTeam "SC Brett vorm Kopp"]

1. d4 d5 2. e3 Nf6 3. Bd3 c5 4. c3 c4 5. Bc2 Nc6 6. f4 e6 7. Nd2 Bd6 8. Qe2 b5
9. a3 g5 10. fxg5 Nd7 11. Nh3 e5 12. Bf5 e4 13. O-O Ne7 14. Qh5 Nxf5 15. Rxf5
Ne5 16. Rxe5+ Bxe5 17. dxe5 Qb6 18. Nf1 Qe6 19. Nf4 Qxe5 20. Qh6 Bd7 21. Ng3
O-O-O 22. Bd2 Rhg8 23. Qxh7 Rdf8 24. Qh6 Qxg5 25. Qa6+ Kd8 26. Qxa7 Be6 27.
Qb6+ Ke7 28. Rf1 Qe5 29. Qxb5 Rxg3 30. hxg3 Rb8 31. Qc5+ Kd7 32. Bc1 Rg8 33.
Qa7+ Kc6 34. Ne2 Qb8 35. Nd4+ Kd6 36. Qa6+ Kd7 37. Qc6+ Ke7 38. Qc5+ Qd6 39.
Nxe6 Qxc5 40. Nxc5 Rxg3 41. b4 cxb3 42. Nxb3 1-0

[Event "Sparkassen-Open A"]
[Site "Heusenstamm, Martinsee"]
[Date "2018.11.23"]
[Round "2.1"]
[White "Hinrichs, Niklas"]
[Black "Sadzikowski, Daniel"]
[Result "0-1"]
[WhiteElo "2124"]
[BlackElo "2544"]
[PlyCount "34"]
[EventDate "2018.??.??"]
[WhiteTeam "SK Bingen"]
[BlackTeam "SC Heusenstamm"]

1. d4 Nf6 2. c4 g6 3. Nc3 Bg7 4. e4 d6 5. f3 O-O 6. Be3 c5 7. d5 e6 8. dxe6
Bxe6 9. Qd2 Nc6 10. b3 a6 11. Nge2 b5 12. cxb5 axb5 13. Rd1 Qa5 14. Qxd6 Nd4
15. Bd2 Rfd8 16. Qe7 Nc2+ 17. Kf2 Qb6 0-1

[Event "Sparkassen-Open A"]
[Site "Heusenstamm, Martinsee"]
[Date "2018.11.23"]
[Round "2.2"]
[White "Sumets, Andrey"]
[Black "Amtmann, Florian"]
[Result "1-0"]
[WhiteElo "2580"]
[BlackElo "2120"]
[PlyCount "86"]
[EventDate "2018.??.??"]
[WhiteTeam "SF Lilienthal"]
[BlackTeam "Spvgg Stetten"]

1. d4 Nf6 2. c4 g6 3. Nc3 Bg7 4. e4 O-O 5. Nf3 d6 6. Be2 e5 7. O-O Nc6 8. d5
Ne7 9. Qc2 Nd7 10. Rd1 h6 11. b4 a5 12. c5 dxc5 13. bxc5 Nxc5 14. Ba3 b6 15.
Bxc5 bxc5 16. Nb5 Ba6 17. Qxc5 Bxb5 18. Bxb5 Qd6 19. Rac1 Rfc8 20. a4 g5 21.
Nd2 Bf8 22. Qxd6 cxd6 23. Rxc8 Nxc8 24. Nc4 Na7 25. Bd7 Rd8 26. Bf5 Nc8 27.
Nxa5 Ne7 28. Nc6 Ra8 29. a5 Kg7 30. Ra1 Kf6 31. g4 Nxf5 32. gxf5 Be7 33. a6 Bd8
34. a7 Bb6 35. Kg2 h5 36. Rb1 Bc5 37. Rb7 g4 38. f3 Kg5 39. fxg4 hxg4 40. Kg3
Rh8 41. h4+ Rxh4 42. a8=Q Rh3+ 43. Kg2 Kf4 1-0

[Event "Sparkassen-Open A"]
[Site "Heusenstamm, Martinsee"]
[Date "2018.11.23"]
[Round "2.3"]
[White "Rudolph, Peter"]
[Black "Nikolov, Momchil"]
[Result "0-1"]
[WhiteElo "2120"]
[BlackElo "2560"]
[PlyCount "46"]
[EventDate "2018.??.??"]
[WhiteTeam "SK GieÃŸen"]
[BlackTeam "vereinslos"]

1. d4 Nf6 2. g3 c5 3. d5 e6 4. c4 exd5 5. cxd5 d6 6. Nc3 g6 7. Bg2 Bg7 8. Nh3
Bxh3 9. Bxh3 O-O 10. O-O Re8 11. a4 Na6 12. Bg2 Nb4 13. Ra3 a6 14. a5 Nd7 15.
f4 b5 16. e4 c4 17. Na2 Nd3 18. Rxd3 cxd3 19. b4 Qf6 20. Be3 Qb2 21. Rf2 Qa1
22. Nc1 Rac8 23. Qxd3 Rc3 0-1

[Event "Sparkassen-Open A"]
[Site "Heusenstamm, Martinsee"]
[Date "2018.11.25"]
[Round "2.4"]
[White "Noe, Christopher"]
[Black "Rondonuwu, Grover"]
[Result "1-0"]
[WhiteElo "2529"]
[BlackElo "2101"]
[PlyCount "91"]
[EventDate "2018.??.??"]
[WhiteTeam "SC Eppingen"]
[BlackTeam "Frankfurter TV"]

1. d4 d5 2. c4 c6 3. Nc3 Nf6 4. Nf3 Bf5 5. Qb3 Qb6 6. c5 Qxb3 7. axb3 a6 8. b4
Nbd7 9. b5 cxb5 10. Nxb5 Rc8 11. Nc3 e6 12. Bf4 Nh5 13. Bd2 Be7 14. e3 O-O 15.
Be2 Nhf6 16. O-O Ne4 17. Rfc1 Nxd2 18. Nxd2 Nb8 19. Nb3 Bd8 20. Na5 Bxa5 21.
Rxa5 Nc6 22. Ra3 Rfd8 23. f4 f6 24. Rb3 Rc7 25. Rb6 Bg6 26. b4 e5 27. fxe5 fxe5
28. Rd1 exd4 29. exd4 Bf7 30. b5 axb5 31. Nxb5 Re7 32. Bf3 Rdd7 33. Nd6 Nd8 34.
Ra1 g6 35. Ra8 Kg7 36. Kf2 Nc6 37. Ra4 Nd8 38. h3 h5 39. h4 Be6 40. Kg3 Nf7 41.
Ra8 Nxd6 42. cxd6 Rf7 43. Re8 Kf6 44. Bd1 Rg7 45. Ba4 Rdf7 46. d7 1-0

[Event "Sparkassen-Open A"]
[Site "Heusenstamm, Martinsee"]
[Date "2018.11.23"]
[Round "2.5"]
[White "Gallasch, Jonas"]
[Black "Enchev, Ivajlo"]
[Result "0-1"]
[WhiteElo "2100"]
[BlackElo "2496"]
[PlyCount "77"]
[EventDate "2018.??.??"]
[WhiteTeam "SG Porz"]
[BlackTeam "vereinslos"]

1. Nf3 Nf6 2. c4 e6 3. d4 c5 4. Nc3 cxd4 5. Nxd4 Bb4 6. Bd2 Nc6 7. Nxc6 bxc6 8.
a3 Be7 9. e4 e5 10. Be3 d6 11. Be2 O-O 12. O-O Be6 13. f3 Nh5 14. Qd2 Nf4 15.
Kh1 Nxe2 16. Qxe2 Qc8 17. b4 a5 18. Na4 Qb7 19. Nb6 Ra6 20. c5 dxc5 21. bxc5 a4
22. Rfd1 Ra5 23. Rab1 Qa7 24. Qf2 Rb8 25. f4 exf4 26. Bxf4 Re8 27. Bd6 Bb3 28.
Rd3 Rb5 29. e5 Bd8 30. Rg3 Re6 31. Rf1 Rg6 32. Qf3 Qb7 33. Qc3 Bxb6 34. cxb6
Qxb6 35. Rc1 Bd5 36. Bc5 Rxg3 37. hxg3 Qd8 38. Bb4 Qg5 39. Qd3 0-1

[Event "Sparkassen-Open A"]
[Site "Heusenstamm, Martinsee"]
[Date "2018.11.23"]
[Round "2.6"]
[White "Pap, Misa"]
[Black "Wortmann, Klaus-Peter"]
[Result "1-0"]
[WhiteElo "2473"]
[BlackElo "2097"]
[PlyCount "69"]
[EventDate "2018.??.??"]
[WhiteTeam "SF Augsburg"]
[BlackTeam "MS Halver-SchalksmÃ¼hle"]

1. e4 d5 2. exd5 Qxd5 3. Nc3 Qd6 4. d4 Nf6 5. Nf3 c6 6. Ne5 Nbd7 7. Nc4 Qc7 8.
Qf3 Nb6 9. Bf4 Qd7 10. Nxb6 axb6 11. O-O-O Qg4 12. Qe3 Qe6 13. d5 Qxe3+ 14.
Bxe3 Nxd5 15. Nxd5 cxd5 16. Bb5+ Bd7 17. Rxd5 Bxb5 18. Rxb5 Rxa2 19. Kb1 Ra6
20. Rd1 e6 21. Bxb6 Be7 22. Be3 O-O 23. Rxb7 Rfa8 24. c3 Ra1+ 25. Kc2 Rxd1 26.
Kxd1 Bd6 27. h4 f5 28. Rd7 Ra6 29. g3 e5 30. b4 f4 31. gxf4 exf4 32. Bd4 Bf8
33. b5 Ra2 34. b6 f3 35. b7 1-0

[Event "Sparkassen-Open A"]
[Site "Heusenstamm, Martinsee"]
[Date "2018.11.23"]
[Round "2.7"]
[White "Sanati, Charlotte"]
[Black "Barski, Radoslaw"]
[Result "0-1"]
[WhiteElo "2096"]
[BlackElo "2459"]
[PlyCount "64"]
[EventDate "2018.??.??"]
[WhiteTeam "SG Trier"]
[BlackTeam "SC Heusenstamm"]

1. d4 Nf6 2. c4 g6 3. Nc3 Bg7 4. e4 d6 5. f3 O-O 6. Be3 b6 7. Qd2 c5 8. Nge2
Ba6 9. Ng3 e6 10. Be2 Nc6 11. d5 Nd4 12. Rc1 Nxe2 13. Ncxe2 exd5 14. exd5 Re8
15. Bg5 b5 16. b3 Qb6 17. O-O Nd7 18. Ne4 f5 19. Nf2 bxc4 20. bxc4 Qb4 21. Rfe1
Qxd2 22. Bxd2 Nb6 23. Bf4 Bxc4 24. Rc2 Be5 25. Nh3 Bd3 26. Rd2 Bd4+ 27. Kf1 Ba6
28. Rc1 Nxd5 29. Bxd6 Be3 30. Rxd5 Bxc1 31. Be5 Be3 32. Ke1 Bc4 0-1

[Event "Sparkassen-Open A"]
[Site "Heusenstamm, Martinsee"]
[Date "2018.11.23"]
[Round "2.8"]
[White "HeÃŸ, Steffen"]
[Black "Zuyev, Igor"]
[Result "0-1"]
[WhiteElo "2092"]
[BlackElo "2435"]
[PlyCount "82"]
[EventDate "2018.??.??"]
[WhiteTeam "SC GroÃŸ-Zimmern"]
[BlackTeam "SC Heusenstamm"]

1. d4 Nf6 2. Nf3 e6 3. e3 c5 4. Bd3 d5 5. c3 Be7 6. Nbd2 O-O 7. O-O b6 8. Ne5
Bb7 9. f4 Ne4 10. Qc2 f5 11. Ndf3 c4 12. Be2 Qc7 13. Bd2 Nc6 14. Nxc6 Bxc6 15.
Be1 b5 16. Bh4 Bxh4 17. Nxh4 b4 18. cxb4 Rab8 19. b3 Rxb4 20. Rfc1 Rc8 21. Nf3
c3 22. a3 Rb6 23. Bd3 Bb5 24. Ne5 Bxd3 25. Nxd3 a5 26. b4 axb4 27. axb4 Qc4 28.
Ra3 Ra6 29. Rxa6 Qxa6 30. Nc5 Qc4 31. Nxe6 Qxb4 32. Qa2 Qb7 33. Qa5 Qb2 34. Rf1
Qe2 35. h3 Qxf1+ 36. Kh2 Nf2 37. Qa7 Qh1+ 38. Kg3 Ne4+ 39. Kh4 Qe1+ 40. Kh5 g6+
41. Kh6 Qh4# 0-1

[Event "Sparkassen-Open A"]
[Site "Heusenstamm, Martinsee"]
[Date "2018.11.23"]
[Round "2.9"]
[White "Gutman, Lev"]
[Black "Hinrichs, Hans-Uwe"]
[Result "1-0"]
[WhiteElo "2434"]
[BlackElo "2075"]
[PlyCount "65"]
[EventDate "2018.??.??"]
[WhiteTeam "SV Lingen"]
[BlackTeam "SK Bingen"]

1. Nf3 d6 2. d4 Nf6 3. g3 Nbd7 4. Bg2 e5 5. O-O Be7 6. c4 c6 7. Nc3 Qc7 8. h3
O-O 9. Be3 a6 10. Rc1 b6 11. Qc2 Re8 12. Rfd1 Rb8 13. b3 Bb7 14. Ng5 h6 15.
Nge4 Rbd8 16. Nxf6+ Nxf6 17. b4 Bf8 18. a3 g6 19. dxe5 dxe5 20. Na4 Nd7 21. c5
b5 22. Nb6 Nf6 23. a4 Bg7 24. axb5 axb5 25. Qa2 Bc8 26. Qa8 Bb7 27. Qa7 Qb8 28.
Qxb8 Rxb8 29. Rd6 Red8 30. Rcd1 Rxd6 31. Rxd6 Ne8 32. Rd2 Kf8 33. Nd7+ 1-0

[Event "Sparkassen-Open A"]
[Site "Heusenstamm, Martinsee"]
[Date "2018.11.23"]
[Round "2.10"]
[White "Mueller, Werner"]
[Black "Andreev, Eduard"]
[Result "0-1"]
[WhiteElo "2089"]
[BlackElo "2425"]
[PlyCount "90"]
[EventDate "2018.??.??"]
[WhiteTeam "BCA Augsburg"]
[BlackTeam "SC Siegburg"]

1. Nf3 c5 2. e4 d6 3. d3 Nf6 4. g3 g6 5. Bg2 Bg7 6. Nbd2 O-O 7. O-O Nc6 8. a4
e5 9. Nc4 h6 10. h3 Be6 11. Qe2 Re8 12. c3 Qc7 13. Re1 Rad8 14. Bd2 d5 15. exd5
Bxd5 16. Be3 b6 17. Rad1 Qb7 18. Bc1 Kh7 19. Nh4 Qd7 20. Kh2 Bxg2 21. Kxg2 Nd5
22. Qg4 Re6 23. Kh2 f5 24. Qf3 Nce7 25. a5 b5 26. Ne3 Qc7 27. Nxd5 Nxd5 28. Ng2
Qxa5 29. h4 Nf6 30. Ne3 Qb6 31. Kg2 h5 32. Nc2 Ng4 33. Be3 Qc7 34. Bg5 Rd7 35.
Ne3 Red6 36. Nxg4 hxg4 37. Qe2 Qc6+ 38. Kg1 a5 39. Qe3 c4 40. d4 exd4 41. cxd4
Rxd4 42. Rxd4 Rxd4 43. Qc1 Qf3 44. Be3 Rd7 45. Qc2 a4 0-1